000 00796nam a2200241 a 4500
001 13454
003 BD-JhCC
005 20231002131140.0
008 171126s20152019bg |||| ||a| 000 0 ben d
020 _a9789849120070
035 _a(BD-JhCC) 13454
040 _aBD-JhCC
_dBD-JhCC
041 _abengali
082 _a649.012
_bCHO 2019
100 _aচৌধরী, ডা: প্রণব কুমার
245 _aতুমি কীভাবে ভালো থাকবে /
_c ডা: প্রণব কুমার চৌধরী।
260 _aঢাকা :
_bপ্রথমা প্রকাশন,
_c২০১৯.
300 _a৯৫ পৃ. :
_c২১ সেমি.
650 _aChild development
650 _aChild, growth
942 _2ddc
_cBK
999 _c13454
_d13454